| 000 | 00844nam a22002417a 4500 | ||
|---|---|---|---|
| 999 |
_c8893 _d8893 |
||
| 003 | AR-CdUCM | ||
| 008 | 190326b ||||| |||| 00| 0 spa d | ||
| 040 |
_aMUNICIPALIDAD PROVINCIAL DEL CUSCO _cBIBLIOTECA MUNICIPAL DEL CUSCO |
||
| 041 | _heng | ||
| 082 |
_a616.89 / _bM42 |
||
| 100 |
_aMensh, Ivan N. _924717 |
||
| 245 |
_aPsicología clínica : _bciencia y profesión / |
||
| 260 |
_aBuenos Aires : _bPaidós, _c1966. |
||
| 300 |
_a225 páginas ; _c19.5 cm. |
||
| 440 |
_aBiblioteca de psicología y sociología aplicadas Paidós. _924718 |
||
| 505 | _aContenido : Investigación y comentarios -- Lecturas escogidas. | ||
| 650 |
_aPsicología clínica _924719 |
||
| 650 |
_aPsicoterapia _93460 |
||
| 700 |
_aMazia, Floreal (traductora) _97880 |
||
| 700 |
_aMarx, Melvin H. (introducción) _924720 |
||
| 942 |
_2ddc _cLIBROS |
||
| 945 | _azta | ||